000
00210 a2200109 4500
020
_a
9780152618759
041
_a
spa
100
_a
Ancona, George
245
_a
The pinata maker
942
_c
BK
999
_c
29785
_d
29783
999
_d
29783